UK Geography General Knowledge Quiz #2 - Statistics

General Stats
  • This quiz has been taken 82 times
  • The average score is 12 of 20
Answer Stats
Hint Answer % Correct
What is the name of the sea that separates England from France? English Channel
93%
Which English city is famous for its Roman baths? Bath
91%
The River Thames flows into which body of water? North Sea
91%
Which famous Scottish loch is said to be home to a mythical monster? Loch Ness
90%
What is the name of the UK's second busiest airport? Gatwick
82%
Which is the largest of the four Channel Islands? Jersey
82%
The Isles of Scilly are part of which English county? Cornwall
79%
What accent and dialect of English is associated with the people of Newcastle? Geordie
79%
Which county borders Lincolnshire, Cambridgeshire and Suffolk? Norfolk
69%
Which English county is known as the "Garden of England"? Kent
67%
What is the name of the capital city of The Isle Of Man? Douglas
64%
With a population of approximately 154,000, what is the third largest city in Wales? Newport
58%
What is the name of the tallest mountain in England? Scafell Pike
55%
What is the name of the third longest river in the UK? The Trent
51%
What is the name of the strait that separates the Isle of Wight from mainland England? The Solent
37%
What is the largest county in the UK by land area? Highland
27%
What is the largest lake in Northern Ireland, and indeed the British Isles? Lough Neagh
27%
Which Welsh town is famous for its bookshops and annual literary festival? Hay-on-Wye
19%
What is the northernmost point on the UK mainland, located just over 2 miles further north than John O'Groats? Dunnet Head
9%
What is the name of the second tallest building in the UK? 22 Bishopsgate
6%
No matching quizzes found
Score Distribution
Percent of People with Each Score
Percentile by Number Answered
Your Score History
You have not taken this quiz